header

The academics' guide to publishing (Record no. 232039)

MARC details
000 -LEADER
fixed length control field 01208nam a2200325Ia 4500
100 1# - MAIN ENTRY--AUTHOR NAME
Personal name Kitchin, Rob.
245 14 - TITLE STATEMENT
Title The academics' guide to publishing
260 ## - PUBLICATION, DISTRIBUTION, ETC. (IMPRINT)
Place of publication Thousand Oaks, Calif. ;
-- London :
Name of publisher SAGE,
Year of publication 2005.
300 ## - PHYSICAL DESCRIPTION
Number of Pages x, 180 p.
500 ## - GENERAL NOTE
General note Includes index.
650 #0 - SUBJECT ADDED ENTRY--TOPICAL TERM
Topical Term Social sciences
Topical Term Scholarly publishing.
700 1# - ADDED ENTRY--PERSONAL NAME
Personal name Fuller, Duncan.
856 40 - ELECTRONIC LOCATION AND ACCESS
Uniform Resource Identifier http://site.ebrary.com/lib/rucke/Doc?id=10218145

No items available.

© 2026 Rongo University
Contact us: librarian | system librarian | Rongo university